MARC details
| 000 -CABECERA |
| campo de control de longitud fija |
03443nam a2200325 i 4500 |
| 001 - NÚMERO DE CONTROL |
| campo de control |
991061159832406706 |
| 005 - FECHA Y HORA DE LA ÚLTIMA TRANSACCIÓN |
| campo de control |
20250616142215.0 |
| 008 - DATOS DE LONGITUD FIJA--INFORMACIÓN GENERAL |
| campo de control de longitud fija |
240722e202405 spc|||| |||| 0|0 0 spa| |
| 015 ## - NÚMERO DE BIBLIOGRAFÍA NACIONAL |
| Número de bibliografía nacional |
LL2024 |
| Fuente |
bnc |
| 017 ## - NÚMERO DE COPYRIGHT O DE DEPÓSITO LEGAL |
| Número de copyright o de depósito legal |
DL B 4538-2024 |
| Agencia que asigna |
Biblioteca de Catalunya |
| 020 ## - NÚMERO INTERNACIONAL ESTÁNDAR DEL LIBRO |
| Número Internacional Estándar del Libro |
9788419456601 |
| 040 ## - FUENTE DE LA CATALOGACIÓN |
| Centro catalogador/agencia de origen |
ES-BaBC |
| Lengua de catalogación |
eng |
| Normas de descripción |
rda |
| Centro/agencia transcriptor |
ES-BaBC |
| 041 1# - CÓDIGO DE LENGUA |
| Código de lengua del texto/banda sonora o título independiente |
spa |
| Código de lengua original |
eng |
| 100 ## - ENTRADA PRINCIPAL--NOMBRE DE PERSONA |
| Nombre de persona |
Blake, Matthew |
| Títulos y otros términos asociados al nombre |
(Author of Anna O) |
| Término indicativo de función/relación |
author |
| 240 10 - TÍTULO UNIFORME |
| Título uniforme |
Anna O. |
| Lenguaje de la obra |
Spanish |
| 245 10 - MENCIÓN DE TÍTULO |
| Título |
Anna O |
| Mención de responsabilidad, etc. |
/ Matthew Blake ; translated from the English by Jofre Homedes Beutnagel |
| 250 ## - MENCIÓN DE EDICIÓN |
| Mención de edición |
First edition |
| 264 #1 - PRODUCCIÓN, PUBLICACIÓN, DISTRIBUCIÓN, FABRICACIÓN Y COPYRIGHT |
| Producción, publicación, distribución, fabricación y copyright |
Barcelona : |
| Nombre del de productor, editor, distribuidor, fabricante |
Salamandra, |
| Fecha de producción, publicación, distribución, fabricación o copyright |
2024 |
| 300 ## - DESCRIPCIÓN FÍSICA |
| Extensión |
446 pages ; |
| Dimensiones |
22 cm |
| 490 1# - MENCIÓN DE SERIE |
| Mención de serie |
Black Salamandra |
| 500 ## - NOTA GENERAL |
| Nota general |
Original title: Anna O |
| 520 ## - SUMARIO, ETC. |
| Sumario, etc. |
What if your nightmares weren’t really nightmares at all?<br/><br/>We spend an average of thirty-three years of our lives asleep. But what really happens, and what are we capable of, when we are sleeping?<br/><br/>Anna Ogilvy was a budding twenty-five-year-old writer with a bright future. Then, one night, she stabbed two people to death with no apparent motive—and she hasn’t woken up since. Dubbed “Sleeping Beauty” by the tabloids, Anna suffers from a rare psychosomatic disorder known to neurologists as “resignation syndrome.”<br/><br/>Dr. Benedict Prince is a forensic psychologist and an expert in the field of sleep-related homicides. His methods represent the last possible hope of solving the infamous “Anna O” case by waking Anna up so she can stand trial. But the doctor must be careful treating such a high-profile suspect—he’s got career secrets and a complicated personal life of his own.<br/><br/>As Anna shows the first signs of stirring, Benedict knows he must determine what really happened and whether Anna should be held responsible for her crimes.<br/><br/>Only Anna knows the truth about that night, but only Benedict knows how to discover it. And they’re both in danger from what they will discover. |
| 520 ## - SUMARIO, ETC. |
| Sumario, etc. |
¿Y si tus pesadillas no fueran solo sueños?<br/><br/>Pasamos una media de treinta y tres años de nuestra vida durmiendo. Pero ¿qué ocurre realmente mientras dormimos? ¿De qué somos capaces en ese estado?<br/><br/>Anna Ogilvy tenía veinticinco años, una escritora prometedora con un futuro brillante. Hasta que, una noche, apuñaló a dos personas hasta matarlas sin un motivo aparente... y desde entonces no ha vuelto a despertar. Apodada por la prensa como “La Bella Durmiente”, Anna sufre un raro trastorno psicosomático conocido como síndrome de resignación.<br/><br/>El doctor Benedict Prince, psicólogo forense y experto en homicidios relacionados con el sueño, representa la última esperanza de resolver el infame caso “Anna O” despertándola para que pueda ser juzgada. Pero tratar a una sospechosa tan mediática no será sencillo: Benedict guarda secretos profesionales y personales que podrían arruinar su carrera.<br/><br/>Ahora que Anna empieza a mostrar los primeros signos de consciencia, Benedict sabe que debe descubrir qué ocurrió realmente aquella noche... y si Anna es responsable de sus actos.<br/><br/>Solo Anna conoce la verdad. Solo Benedict puede alcanzarla.<br/>Y lo que ambos descubran podría destruirlos. |
| 650 #0 - PUNTO DE ACCESO ADICIONAL DE MATERIA--TÉRMINO DE MATERIA |
| Término de materia o nombre geográfico como elemento de entrada |
Young women |
| Subdivisión de forma |
Fiction |
| 9 (RLIN) |
24099 |
| 650 #0 - PUNTO DE ACCESO ADICIONAL DE MATERIA--TÉRMINO DE MATERIA |
| Término de materia o nombre geográfico como elemento de entrada |
Forensic psychology – Fiction |
| 9 (RLIN) |
25463 |
| 650 #0 - PUNTO DE ACCESO ADICIONAL DE MATERIA--TÉRMINO DE MATERIA |
| Término de materia o nombre geográfico como elemento de entrada |
Sleep disorders |
| Subdivisión de forma |
Fiction |
| 700 ## - ENTRADA AGREGADA--NOMBRE PERSONAL |
| Nombre de persona |
Homedes, Jofre, |
| Término indicativo de función/relación |
translator |
| 9 (RLIN) |
25464 |
| 830 #0 - PUNTO DE ACCESO ADICIONAL DE SERIE-TÍTULO UNIFORME |
| Título uniforme |
Black Salamandra |
| 942 ## - ELEMENTOS DE ENTRADA AGREGADA (KOHA) |
| Fuente del sistema de clasificación o colocación |
Clasificación de Library of Congress |